Cuestiones canónicas de sal terrae: ordenadas y acomodadas al nuevo Código Canónico
Gardado en:
| Autor Principal: | |
|---|---|
| Formato: | Libro |
| Idioma: | Lingua castelá |
| Publicado: |
Santander
Universidad Pontificia de Comillas
1927
|
| Subjects: | |
| Tags: |
Engadir etiqueta
Sen Etiquetas, Sexa o primeiro en etiquetar este rexistro!
|
MARC
| LEADER | 00000nam a2200000 a 4500 | ||
|---|---|---|---|
| 001 | UCI2245 | ||
| 003 | CL-VaPUC | ||
| 008 | 070810e19270000SP |||||||||||||||||spa|d | ||
| 082 | 0 | 4 | |a 262 |b REG |2 21 |
| 100 | 0 | |a Regatillo, Eduardo F |e author |9 523191 | |
| 245 | 1 | 0 | |a Cuestiones canónicas de sal terrae: ordenadas y acomodadas al nuevo Código Canónico |
| 300 | |a v | ||
| 942 | |c BK | ||
| 945 | |d 20070810 00:00:00 |a jtorresc | ||
| 260 | |a Santander |b Universidad Pontificia de Comillas |c 1927 | ||
| 650 | 7 | |a DERECHO CANONICO |2 CL-VaPUC |9 523192 | |
| 650 | 0 | |a Iglesia Católica |9 256114 | |
| 650 | 7 | |a MATRIMONIO |2 CL-VaPUC |9 523193 | |
| 650 | 0 | |a Sacramentos |9 257270 | |
| 583 | |a last modification |c 20070810 00:00:00 |k Rodrigo Vera | ||
| 999 | |c 326879 |d 326877 | ||
| 952 | |0 0 |1 0 |4 0 |6 262_000000000000000_REG_1927 |7 0 |8 DER_HDC |9 409063 |a BIBDER |b BIBDER |d 2019-11-22 |h v.1 |i 4241029 |o 262 REG 1927 |p 4241029 |r 2023-01-25 |w 2019-11-22 |x Ubicación 4to Piso |y BK |z Estos recursos deben solicitarse con anticipación |k DER | ||
| 952 | |0 0 |1 0 |4 0 |6 262_000000000000000_REG_1927 |7 0 |8 DER_HDC |9 409064 |a BIBDER |b BIBDER |d 2019-11-22 |h v.2 |i 4240901 |o 262 REG 1927 |p 4240901 |r 2023-01-25 |w 2019-11-22 |x Ubicación 4to Piso |y BK |z Estos recursos deben solicitarse con anticipación |k DER | ||